| 000 | 01050nac a22002411u 4500 | ||
|---|---|---|---|
| 010 | _a 2004001167 | ||
| 020 | _a047086074X (acid-free paper) | ||
| 020 | _a0470860758 (pbk. : acid-free paper) | ||
| 082 | 0 | 0 |
_a620/.0015 _bR8231 |
| 090 |
_c357 _d357 |
||
| 100 | _aRoss, Timothy J. | ||
| 245 | 1 | 0 |
_aFuzzy logic with engineering applications / _cTimothy J. Ross. |
| 250 | _a2nd ed. | ||
| 260 |
_aHoboken, NJ : _bJohn Wiley, _cc2004. |
||
| 300 |
_axxi, 628 p. : _bill. ; _c25 cm. |
||
| 650 | 0 | _aEngineering mathematics. | |
| 650 | 0 | _aFuzzy logic. | |
| 856 | 4 | 2 |
_3Contributor biographical information _uhttp://www.loc.gov/catdir/bios/wiley047/2004001167.html |
| 856 | 4 | 2 |
_3Publisher description _uhttp://www.loc.gov/catdir/description/wiley041/2004001167.html |
| 856 | 4 | 2 |
_3Table of contents _uhttp://www.loc.gov/catdir/toc/ecip0414/2004001167.html |
| 942 |
_cBB _k620.0015R8231 |
||
| 999 |
_c357 _d357 |
||